<?xml version="1.0" encoding="UTF-8"?>
<record
    xmlns:xsi="http://www.w3.org/2001/XMLSchema-instance"
    xsi:schemaLocation="http://www.loc.gov/MARC21/slim http://www.loc.gov/standards/marcxml/schema/MARC21slim.xsd"
    xmlns="http://www.loc.gov/MARC21/slim">

  <leader>02079nam a22002777a 4500</leader>
  <controlfield tag="003">OSt</controlfield>
  <controlfield tag="005">20260511113027.0</controlfield>
  <controlfield tag="008">260123b        |||||||| |||| 00| 0 eng d</controlfield>
  <datafield tag="022" ind1=" " ind2=" ">
    <subfield code="a">0005-7894</subfield>
  </datafield>
  <datafield tag="040" ind1=" " ind2=" ">
    <subfield code="a">TBS</subfield>
    <subfield code="b">EN</subfield>
    <subfield code="c">TBS</subfield>
  </datafield>
  <datafield tag="041" ind1=" " ind2=" ">
    <subfield code="a">eng</subfield>
  </datafield>
  <datafield tag="100" ind1=" " ind2=" ">
    <subfield code="a">Gardner, Frank L.</subfield>
    <subfield code="9">26932</subfield>
    <subfield code="e">author</subfield>
  </datafield>
  <datafield tag="245" ind1=" " ind2=" ">
    <subfield code="a">A mindfulness-acceptance-commitment-based approach to athletic performance enhancement</subfield>
    <subfield code="b">: theoretical considerations</subfield>
    <subfield code="c">/ Frank L. Gardner, Zella E. Moore.</subfield>
  </datafield>
  <datafield tag="260" ind1=" " ind2=" ">
    <subfield code="b">Behavior Therapy,</subfield>
    <subfield code="c">2004</subfield>
  </datafield>
  <datafield tag="300" ind1=" " ind2=" ">
    <subfield code="a">707-723 pages.</subfield>
  </datafield>
  <datafield tag="490" ind1=" " ind2=" ">
    <subfield code="a">Behavior Therapy</subfield>
    <subfield code="v">vol.35, no.4</subfield>
  </datafield>
  <datafield tag="520" ind1=" " ind2=" ">
    <subfield code="a">While traditional cognitive-behavioral skills-training-based approaches to athletic performance enhancement posit that negative thoughts and emotions must be controlled, eliminated, or replaced for athlete-clients to perform optimally, recent evidence suggests that efforts to control, eliminate, or suppress these internal states may actually have the opposite effect. Interventions based on mindfulness and acceptance suggest that internal cognitive and emotional states need not be eliminated, changed, or controlled in order to facilitate positive behavioral outcomes. Rather, it is suggested that an alternative or supplemental approach to the enhancement of athletic performance may be achieved through strategies and techniques that target the development of mindful (nonjudgmental) present-moment acceptance of internal experiences such as thoughts, feelings, and physical sensations, along with a clarification of valued goals and enhanced attention to external cues, responses, and contingencies that are required for optimal athletic performance. </subfield>
  </datafield>
  <datafield tag="630" ind1=" " ind2="0">
    <subfield code="a">B2 PBT Psychologically Flexible Leadership &#x200B;(BiM)</subfield>
    <subfield code="9">26899</subfield>
  </datafield>
  <datafield tag="650" ind1=" " ind2="0">
    <subfield code="a">Athletic performance</subfield>
    <subfield code="9">26934</subfield>
  </datafield>
  <datafield tag="650" ind1=" " ind2="0">
    <subfield code="a">Behavior modification</subfield>
    <subfield code="9">9557</subfield>
  </datafield>
  <datafield tag="650" ind1=" " ind2="0">
    <subfield code="a">Cognitive behavioral therapy</subfield>
    <subfield code="9">26935</subfield>
  </datafield>
  <datafield tag="650" ind1=" " ind2="0">
    <subfield code="a">Mindfulness</subfield>
    <subfield code="9">10325</subfield>
  </datafield>
  <datafield tag="700" ind1=" " ind2=" ">
    <subfield code="a">Moore, Zella E.</subfield>
    <subfield code="9">26933</subfield>
    <subfield code="e">author</subfield>
  </datafield>
  <datafield tag="856" ind1=" " ind2=" ">
    <subfield code="u">https://research-ebsco-com.hub.tbs-education.fr/linkprocessor/plink?id=cb1c28e0-1896-3ac1-a782-772a311f85bd</subfield>
  </datafield>
  <datafield tag="942" ind1=" " ind2=" ">
    <subfield code="2">lcc</subfield>
  </datafield>
  <datafield tag="952" ind1=" " ind2=" ">
    <subfield code="0">0</subfield>
    <subfield code="1">0</subfield>
    <subfield code="2">lcc</subfield>
    <subfield code="4">0</subfield>
    <subfield code="7">0</subfield>
    <subfield code="8">CT</subfield>
    <subfield code="a">TBS</subfield>
    <subfield code="b">TBS</subfield>
    <subfield code="d">2026-05-11</subfield>
    <subfield code="l">0</subfield>
    <subfield code="r">2026-05-11</subfield>
    <subfield code="u">https://research-ebsco-com.hub.tbs-education.fr/linkprocessor/plink?id=cb1c28e0-1896-3ac1-a782-772a311f85bd</subfield>
    <subfield code="w">2026-05-11</subfield>
    <subfield code="y">ARTICLE</subfield>
  </datafield>
  <datafield tag="999" ind1=" " ind2=" ">
    <subfield code="c">5282</subfield>
    <subfield code="d">5282</subfield>
  </datafield>
</record>
